U.S. Cities With the Coolest Summer Days - Statistics

General Stats
  • This quiz has been taken 63 times
  • The average score is 12 of 19
Answer Stats
Hint Answer % Correct
78 Seattle
94%
82 Portland
92%
80 Portland, ME
92%
71 San Francisco
87%
82 Boston
85%
83 Minneapolis
85%
81 Milwaukee
83%
83 Chicago
79%
80 Buffalo
75%
82 Cleveland
69%
83 Rochester
67%
82 Madison
62%
83 San Jose
58%
82 Syracuse
56%
77 San Diego
52%
83 Grand Rapids
40%
83 Lansing
23%
78 Oxnard/Ventura
13%
83 Scranton
12%
No matching quizzes found
Score Distribution
Percent of People with Each Score
Percentile by Number Answered
Your Score History
You have not taken this quiz